000
00293nam a2200133Ia 4500
100
_a
Hegde/N.G./ Abhyankar
650
_a
General
942
_c
RB
654
_a
Greening
245
_a
The Greening Of Wastelands
260
_b
Bharatiya Agro.
_a
Pune
_c
1986
300
_a
204
546
_a
ENGLISH
999
_c
23687
_d
23687